00817 2200301 4500001002100000005001500021035002000036007000300056040001700059100003800076245005800114250001200172300003100184020002200215041000800237082001000245084001600255090002200271264003100293336002100324337003000345338002300375500002400398650002000422850001000442008004100452990002200493INLIS00000000000790520260529013105 a0010-0922000394ta aSBPUPADbind0 aShamsuddin Abdul KadirePengarang1 aHidup Tenang Walau Berutang /cShamsuddin Abdul Kadir a.-cet.1 ax,165 hlm :bilus ;c20 cm a978-979-114-200-7 aind a658.1 a658.1 SHA h a658.4 JAM b 23-2 a.--Jakarta :bMizan,c2008 2rdacontentateks 2rdamediaatanpa perantara 2rdacarrieravolume aIndeks, hlm 161-163 4aStrategi Bisnis aPUPAD260529 0  a10017/Br/KAPD-PDG